000 00457cam a2200181ua 4500
003 OSt
008 240321b |||||||| |||| 00| 0 eng d
041 _aeng
082 _a796.07
_bHOW/FO
100 _aHowell, Root .
_96163
245 _aFoundations of physical education /
250 _a1 /
260 _a :
_bFriends publications ,
_c1994.
300 _a339 ; .
700 1 _aHowell, Maxwell .
_96164
700 1 _aUppal, A K .
_96165
942 _cBK
999 _c4743
_d4743